Landen die starten met een L - Statistieken

Algemene statistieken
  • Deze quiz is 59 keer genomen
  • De gemiddelde score is 7 van 9
Antwoordstatistieken
Land % Correct
Letland
90%
Litouwen
85%
Liechtenstein
78%
Libië
73%
Luxemburg
73%
Laos
68%
Liberia
68%
Libanon
65%
Lesotho
58%
Geen overeenkomende quizzen gevonden
Scoreverdeling
Procent van Mensen met Elke Score
Percentiel versus Aantal Correcte Antwoorden
Uw Scoregeschiedenis
U heeft deze quiz nog niet genomen